000 01464nam a2200289Ia 4500
999 _c38600
_d38600
001 4717
003 GE_BSU
005 20190719174537.0
008 181216s2009||||ge |||||||||||||| ||geo||
020 _a978994098552
040 _cGE_BSU
041 _ageo
080 _a34(37) მ-77
100 _aმიხაილოვა, ნ.
_93264
245 _aრომის სამართალი = Римское право /
_cნ. მიხაილოვა, ა. ივანოვი, ს. ასანიძე ; მთ. რედ. ნოდარ ერიაშვილი ; რედ. სერგო ბარამიძე, მანანა სულხანაშვილი
264 _aთბილისი :
_bსამართლიანი საქართველო ;
_c2009.
300 _a223 გვ. ;
_c20 სმ.
653 _aრომის სამართალი
653 _a Римское право
653 _aსამართალი
700 _aივანოვი, ა.
_eავტორი
_93265
700 _aასანიძე, ს.
_eავტორი
_93266
700 _a ერიაშვილი, ნოდარ
_eმთ. რედაქტორი
_93267
700 _aბარამიძე, სერგო
_eრედაქტორი
_93262
700 _aსულხანაშვილი, მანანა
_eრედაქტორი
_93263
942 _cBK
_2udc